Le droit des femmes au luxe et a la toilette. (Record no. 187800)

MARC details
000 -LEADER
campo de control de longitud fija 00404nam a2200145 i 4500
001 - NÚMERO DE CONTROL
campo de control 187800
003 - IDENTIFICADOR DE NÚMERO DE CONTROL
campo de control ES-MaACL
005 - FECHA Y HORA DE LA ÚLTIMA TRANSACCIÓN
campo de control 20230906223031.0
008 - DATOS DE LONGITUD FIJA--INFORMACIÓN GENERAL
campo de control de longitud fija 180226q1866 fr |||| | fre d
245 03 - MENCIÓN DEL TÍTULO
Título Le droit des femmes au luxe et a la toilette.
250 ## - MENCION DE EDICION
Mención de edición 4éme. ed.
260 ## - PUBLICACIÓN, DISTRIBUCIÓN, ETC.
Lugar de publicación, distribución, etc. Paris :
Nombre del editor, distribuidor, etc. Les Marchands des Nouveautés,
Fecha de publicación, distribución, etc. [1866?]
300 ## - DESCRIPCIÓN FÍSICA
Extensión 62 p. ;
Dimensiones 18 cm.
852 ## - LOCALIZACIÓN
Ubicación ES-MaACL
Número de control de estantería T-343-F-4
Holdings
Estatus retirado Estado de pérdida Estado de daño No para préstamo Colección Biblioteca de origen Biblioteca actual Ubicación en estantería Fecha de adquisición Fuente de adquisición Total de préstamos Signatura topográfica completa Código de barras Visto por última vez Precio de reemplazo Tipo de ítem Koha
        Colección de folletos Biblioteca del Ateneo de Madrid Biblioteca del Ateneo de Madrid Depósito folletos 09/08/2018     T-343-F-4 1199219 23/02/2023 23/02/2023 Folleto